De las relaciones entre el óvulo y el tejido conjuntivo de las actinias / (Record no. 185620)
[ view plain ]
| 000 -LEADER | |
|---|---|
| campo de control de longitud fija | 00921nam a2200193 i 4500 |
| 001 - NÚMERO DE CONTROL | |
| campo de control | 185620 |
| 003 - IDENTIFICADOR DE NÚMERO DE CONTROL | |
| campo de control | ES-MaACL |
| 005 - FECHA Y HORA DE LA ÚLTIMA TRANSACCIÓN | |
| campo de control | 20250812224531.0 |
| 008 - DATOS DE LONGITUD FIJA--INFORMACIÓN GENERAL | |
| campo de control de longitud fija | 160728s1919 sp |||| | spa d |
| 100 0# - ENTRADA PRINCIPAL--NOMBRE DE PERSONA | |
| Nombre de persona | Sánchez y Sánchez, Manuel. |
| 9 (RLIN) | 102996 |
| 245 10 - MENCIÓN DEL TÍTULO | |
| Título | De las relaciones entre el óvulo y el tejido conjuntivo de las actinias / |
| Mención de responsabilidad, etc. | por Manuel Sánchez y Sánchez. |
| 260 ## - PUBLICACIÓN, DISTRIBUCIÓN, ETC. | |
| Lugar de publicación, distribución, etc. | [Madrid : |
| Nombre del editor, distribuidor, etc. | Junta para Ampliación de Estudios e Investigaciones Científicas], |
| Fecha de publicación, distribución, etc. | 1919. |
| 300 ## - DESCRIPCIÓN FÍSICA | |
| Extensión | P. 244-245, 1 h. de lám. ; |
| Dimensiones | 25 cm. |
| 490 1# - MENCIÓN DE SERIE | |
| Mención de serie | Trabajos del Laboratorio de Histopatología de la Junta para Ampliación de Estudios ; |
| Designación de volumen o secuencia | 3 |
| 500 ## - NOTA GENERAL | |
| Nota general | Separata del "Boletín de la Sociedad Española de Biología". Año VIII. Nov. 1918-Feb. 1919. |
| 830 00 - PUNTO DE ACCESO ADICIONAL DE SERIE-TÍTULO UNIFORME | |
| Título uniforme | Trabajos del Laboratorio de Histopatología de la Junta para Ampliación de Estudios |
| Designación de volumen o secuencia | 3 |
| 9 (RLIN) | 184307 |
| 852 ## - LOCALIZACIÓN | |
| Ubicación | ES-MaACL |
| Número de control de estantería | B-13355(3) |
| Estatus retirado | Estado de pérdida | Estado de daño | No para préstamo | Biblioteca de origen | Biblioteca actual | Ubicación en estantería | Fecha de adquisición | Fuente de adquisición | Total de préstamos | Signatura topográfica completa | Código de barras | Visto por última vez | Precio de reemplazo | Tipo de ítem Koha |
|---|---|---|---|---|---|---|---|---|---|---|---|---|---|---|
| Biblioteca del Ateneo de Madrid | Biblioteca del Ateneo de Madrid | Sala Pardo Bazán | 28/07/2016 | B-13355(3) | 1195667 | 23/02/2023 | 23/02/2023 | Libro impreso |
